| 000 | 00566nam a2200205Ia 4500 | ||
|---|---|---|---|
| 005 | 20250923150048.0 | ||
| 008 | 008 250917s9999 xx 000 0 eng d | ||
| 037 | _aTextual | ||
| 040 |
_aDSWL _beng _cDSWL |
||
| 041 |
_aeng _2eng |
||
| 084 |
_aYX, 3M;7-V, N99 _qDSWL |
||
| 100 |
_aHudco, _9841790 |
||
| 245 | 0 |
_aShetter: World disaster day reduction _c by Hudco |
|
| 260 |
_aNew Delhi _b Hudco _c1999 |
||
| 300 | _a110p. | ||
| 365 |
_aINR _b87+1055 |
||
| 925 | _g87+1055 | ||
| 942 |
_cTEXL _hYX, 3M;7-V, N99 |
||
| 999 |
_c1459114 _d1459114 |
||